| 000 | 00398nam a2200109Ia 4500 | ||
|---|---|---|---|
| 008 | 160909s9999 xx 000 0 und d | ||
| 100 | _aEliot, Trevor G. | ||
| 245 | _aProvider precision labs healthcare analytics and decision support | ||
| 260 |
_bCalifornia State University, Long Beach. _c2016 |
||
| 650 | _aMARKETING MANAGEMENT | ||
| 856 | _uhttp://pqdtopen.proquest.com/doc/1797618374.html?FMT=ABS | ||
| 999 |
_c304878 _d304878 |
||